LA PERFECTA ALEGRIA: DRAMA CRISTERO

Gorde:
Xehetasun bibliografikoak
Formatua: Liburua
Gaiak:
Etiketak: Etiketa erantsi
Etiketarik gabe, Izan zaitez lehena erregistro honi etiketa jartzen!

MARC

LEADER 00000nam^a2200000^a^4500
001 000257715
005 20250526000000.0
009 20260310110300.082
035 |a C46981 
037 |a Acervo Xavier Clavigero 
082 |a 862. LAP 
245 1 3 |a LA PERFECTA ALEGRIA:  |b DRAMA CRISTERO 
264 |a MEXICO :  |b MUÑOZ,  |c 1938 
300 |a 57p. 
336 |a texto  |b txt  |2 rdacontenido 
337 |a sin mediación  |b n  |2 rdamedio 
338 |a volumen  |b nc  |2 rdasoporte 
649 |a XX 
650 |a Guerra Cristera 
650 |a * TEATRO -  |x MEXICO 
910 |a Fondo Jesús Gómez Fregoso S.J. FXC 
920 |a Impresos - Libros 
930 |a Libros Antiguos y Raros 
940 |a Guerra Cristera 
940 |a Literatura 
905 |a 110 
901 |a 046981  |b IT2  |c LRA  |i C46981  |u 20250526 
902 |a https://opac.biblio.iteso.mx/vufind/Record/000257715